|
|
|
|
| LEADER |
00000naa0a2200000 4500 |
| 001 |
655223 |
| 005 |
20250911133718.0 |
| 035 |
|
|
|a (RuTPU)RU\TPU\network\21134
|
| 035 |
|
|
|a RU\TPU\network\20136
|
| 090 |
|
|
|a 655223
|
| 100 |
|
|
|a 20170809d2017 k||y0rusy50 ca
|
| 101 |
0 |
|
|a rus
|
| 102 |
|
|
|a RU
|
| 135 |
|
|
|a drcn ---uucaa
|
| 181 |
|
0 |
|a i
|
| 182 |
|
0 |
|a b
|
| 200 |
1 |
|
|a OXONE как окислитель для синтеза соединений поливалентного иода
|f Н. С. Солдатова
|
| 203 |
|
|
|a Текст
|c электронный
|
| 300 |
|
|
|a Заглавие с экрана
|
| 320 |
|
|
|a [Библиогр.: с. 103 (7 назв.)]
|
| 463 |
|
1 |
|t V Научные чтения, посвященные памяти академика А. Е. Фаворского
|o тезисы докладов школы-конференции молодых учёных с международным участием, Иркутск, 20-24 февраля 2017 г.
|v [С. 103]
|d 2017
|
| 610 |
1 |
|
|a труды учёных ТПУ
|
| 610 |
1 |
|
|a электронный ресурс
|
| 610 |
1 |
|
|a синтез
|
| 610 |
1 |
|
|a окислители
|
| 610 |
1 |
|
|a поливалентный иод
|
| 700 |
|
1 |
|a Солдатова
|b Н. С.
|c химик-органик
|c инженер Томского политехнического университета
|f 1992-
|g Наталья Сергеевна
|3 (RuTPU)RU\TPU\pers\32580
|9 16501
|
| 712 |
0 |
2 |
|a Национальный исследовательский Томский политехнический университет (ТПУ)
|b Институт природных ресурсов (ИПР)
|b Кафедра технологии органических веществ и полимерных материалов (ТОВПМ)
|3 (RuTPU)RU\TPU\col\18659
|
| 801 |
|
2 |
|a RU
|b 63413507
|c 20170809
|g RCR
|
| 856 |
4 |
|
|u https://www.irkinstchem.ru/images/art/read5/sbor-tesis-2017.pdf#page=103
|
| 942 |
|
|
|c CF
|